01173nam a2200253 a 450000100100000000500170001000800410002702000150006804000250008308200180010810000350012624500540016126000790021530000360029450000710033065000510040165100930045265100770054591000370062204900090065995201210066895201150078999900150090400000636220200929153924.0090828s2007 dr ac 000 0 spa d a9945415107 aDO-SdBNPbspacBNPHU a972.93bD632m1 aDobal Márquez, Carlos91770510aMemorandum a mi memoria /cCarlos Dobal Máquez. aSanto Domingo :bPontificia Universidad Católica Madre y Maestra,c2007. a379 p. :bil., retrs. ;c24 cm. aIncluye datos biográficos del autor en la solapa de la cubierta. 4aAutores dominicanosxRelatos personales917706 4aRepública DominicanaxVida Social Y CostumbresxCorrespondencia, Memorias, Etc.917707 4aRepública DominicanaxHistoriaxCorrespondencia, Memorias, Etc.917708 aValidado. Control de calidad EMS aBNPD 0011718PDaPDbPDcMId2010-09-21iLF1l0o972.93 D632mp6362-20r2020-06-25te. 2w2020-06-25yLFPDZNo se presta 0010718PDaPDbPDcHDd2009-08-28iLF1l0o972.93 D632mp6362-10r2020-06-25w2020-06-25yLFPDZNo se presta c6157d6157